| 000 | 01393cab a2200277 4500 | ||
|---|---|---|---|
| 001 | ABS56317 | ||
| 008 | 090401t1996 xxu||||| |||| 00| 0 eng d | ||
| 035 | _a(Sirsi) u22813 | ||
| 041 | _aeng | ||
| 100 | _aTurner, N.J.K. | ||
| 245 | _aTenant environmental performance and property investment risk | ||
| 260 | _c1996 | ||
| 350 | _a0 | ||
| 490 |
_aJournal of Property Development _v1(2) October 1996, 67-78(12) |
||
| 520 | _aConsiders the relationship which exists between a tenant`s environmental and economic performance in the context of property investment risk. It argues that when considering a potential investment opportunity, property investors need to have regard to the risk that tenants may perform to low environmental standards. Where poor environmenal performance on the part of the tenant occurs, investment returns can be reduced by a deterioration in the strength of tenant covenant or by the landlord incurring direct liabilities for environmental damage, which in the first instance, was caused by the tenant. References. (Based on journal abstract) | ||
| 650 | _aENVIRONMENTAL DAMAGE | ||
| 650 | _aENVIRONMENTAL PERFORMANCE | ||
| 650 | _aENVIRONMENTAL RISK | ||
| 650 | _aINVESTMENT RISK | ||
| 650 | _aLANDLORD LIABILITY | ||
| 650 | _aPOLLUTION | ||
| 690 | _aPROPERTY-COMMERCIAL PROPERTY | ||
| 700 | _aGronow, S.A. | ||
| 942 | _n0 | ||
| 948 | _c04/03/1997 | ||
| 999 |
_c15297 _d15297 |
||